| 000 | 00439nam a2200157Ia 4500 | ||
|---|---|---|---|
| 008 | 231217s9999 xx 000 0 und d | ||
| 041 | _aEnglish | ||
| 082 | _a621.38481 OPP;8 R1 | ||
| 100 | _aOppenheim, Alan V. Schafer, Ronald W. Buck, John R. | ||
| 245 | 0 | _aDiscrete time signal processing | |
| 250 | _a2nd ed. | ||
| 260 |
_c1999 _bNew Jersey : Prentice-Hall, |
||
| 300 | _axxvi+870 | ||
| 650 | _aSignal processing | ||
| 942 | _cAA | ||
| 999 |
_c168746 _d168746 |
||